| 000 | 00404nam a2200121Ia 4500 | ||
|---|---|---|---|
| 008 | 220615s9999||||xx |||||||||||||| ||und|| | ||
| 100 | _aReza Davarnejad||Baharak Sajjadi | ||
| 245 | 0 | _aAlkenes | |
| 546 | _aEnglish[eng] | ||
| 650 | _aPhysical Sciences||Engineering and Technology||Chemistry||Organometallic Chemistry||Organic Chemistry | ||
| 856 | _uhttps://www.intechopen.com/books/alkenes | ||
| 942 | _cEB | ||
| 999 |
_c13608 _d13608 |
||